000 00581nam a22001937a 4500
005 20240913060622.0
008 240913b |||||||| |||| 00| 0 eng d
040 _aIN-DiNC
_cIN-DiNC
041 _deng
082 _a658.15
_bGUP
100 _aGupta, Shashi K
_eauthor
245 _aFinancial management (minor1)/
_cby Shashi K Gupta, RK Sharma and Neeti Gupta
250 _a1st ed.
260 _aLudhiana:
_bKalyani publishers,
_c2023.
650 _aVarious aspects of financial management
700 _aSharma, RK
_eauthor
700 _aGupta, Neeti
_eauthor
942 _2ddc
_cBK
999 _c11947
_d11947